Taco Hemingway - Marmur - Statystyki

Ogólne statystyki
  • Ten quiz został rozwiązany 24 razy
  • Średni wynik to 11 z 17
Statystyki odpowiedzi
Marmur % Poprawnych
Marmur
95%
Krwawa jesień
85%
Tsunami blond
75%
Żyrandol
75%
Deszcz na betonie (?)
70%
Mgła I (Siwe włosy)
70%
Portier!
70%
Grubo-chude psy
65%
Ślepe sumy
65%
Witaj w hotelu Marmur
65%
Świat jest WFem
60%
Świecące prostokąty
60%
To by było na tyle
60%
Mgła II (Mówisz, masz)
55%
Ściany mają uszy
55%
Żywot
55%
Jak cień
40%
Nie znaleziono quizów pasujących do podanych kryteriów
Rozkład punktacji
Procent ludzi z każdym wynikiem
Percentyl według liczby udzielonych odpowiedzi
Twoja historia wyników
Nie rozwiązałeś tego quizu